Normal view
MARC view
Entry Topical Term
001 - CONTROL NUMBER
- control field: 28331
003 - CONTROL NUMBER IDENTIFIER
- control field: OSt
005 - DATE AND TIME OF LATEST TRANSACTION
- control field: 20211028150716.0
008 - FIXED-LENGTH DATA ELEMENTS
- fixed length control field: 211028|| aca||aabn | a|a d
040 ## - CATALOGING SOURCE
- Original cataloging agency: OSt
- Transcribing agency: OSt
150 ## - HEADING--TOPICAL TERM
- Topical term or geographic name entry element: Economic Sociology; Economic Anthropology; Language; Social and Economic Stratification
670 ## - SOURCE DATA FOUND
- Source citation: Work cat.: (OSt)517958: Bernheim, B. and Douglas et al 28330, A theory of chosen preferences
